000 00531pam a2200205 a 4500
020 _c
040 _aMedical College Lib.
041 _aENG
_hENG
082 _a362.1068
_bHAN
100 _aHansell, D.M. .
245 _aThe Clinicala`s Management Handbook /
_c
_hTextual Documents
260 _aTokyo :
_bW.B.Saunders Com. Ltd. ,
_c1905.
300 _a134 ;
_c
365 _a30=00
653 _aMedical Science
700 _aSalter, B. .
930 _a3364
999 _c3363
_d3363